名古屋鉄道の駅(五十音順) - Statistics

General Stats
  • This quiz has been taken 34 times
  • The average score is 109 of 276
Answer Stats
頭文字 路線 駅名 % Correct
犬山線/広見線/小牧線 犬山
88%
犬山線 犬山遊園
76%
知多新線 内海
76%
名古屋本線 金山
72%
蒲郡線 蒲郡
72%
名古屋本線 豊橋
72%
豊田線 赤池
68%
河和線 阿久比
68%
名古屋本線 伊奈
68%
犬山線 岩倉
68%
常滑線/築港線 大江
68%
常滑線/河和線 太田川
68%
犬山線 上小田井
68%
名古屋本線/豊川線 国府
68%
名古屋本線/常滑線 神宮前
68%
名古屋本線/尾西線 名鉄一宮
68%
河和線 上ゲ
64%
犬山線 犬山口
64%
瀬戸線 尾張瀬戸
64%
常滑線 尾張横須賀
64%
名古屋本線/竹鼻線 笠松
64%
名古屋本線/西尾線 新安城
64%
羽島線 新羽島
64%
常滑線/空港線 常滑
64%
名古屋本線/各務原線 名鉄岐阜
64%
常滑線 朝倉
60%
小牧線 味美
60%
犬山線 江南
60%
名古屋本線 国府宮
60%
河和線 河和
60%
小牧線 小牧
60%
犬山線 下小田井
60%
犬山線/各務原線 新鵜沼
60%
広見線 新可児
60%
名古屋本線 新清洲
60%
名古屋本線/三河線 知立
60%
尾西線/津島線 津島
60%
豊川線 豊川稲荷
60%
犬山線 中小田井
60%
西尾線 西尾
60%
名古屋本線 西枇杷島
60%
名古屋本線 名鉄名古屋
60%
空港線 りんくう常滑
60%
小牧線 味鋺
56%
竹鼻線/羽島線 江吉良
56%
瀬戸線 大曽根
56%
各務原線 各務原市役所前
56%
蒲郡線 蒲郡競艇場前
56%
三河線 刈谷
56%
名古屋本線 岐南
56%
西尾線/蒲郡線 吉良吉田
56%
瀬戸線 栄町
56%
空港線 中部国際空港
56%
名古屋本線 東岡崎
56%
三河線 碧南
56%
名古屋本線 有松
52%
名古屋本線 岡崎公園前
52%
名古屋本線 男川
52%
瀬戸線 尾張旭
52%
名古屋本線 木曽川堤
52%
蒲郡線 こどもの国
52%
名古屋本線
52%
三河線 猿投
52%
名古屋本線 山王
52%
常滑線 聚楽園
52%
名古屋本線 新木曽川
52%
名古屋本線 前後
52%
河和線 知多武豊
52%
河和線 知多半田
52%
三河線 豊田市
52%
名古屋本線 東枇杷島
52%
名古屋本線 名電赤坂
52%
広見線 明智
48%
名古屋本線 今伊勢
48%
三河線/豊田線 梅坪
48%
名古屋本線 加納
48%
名古屋本線 栄生
48%
尾西線 佐屋
48%
瀬戸線 新瀬戸
48%
名古屋本線/津島線 須ヶ口
48%
名古屋本線 中京競馬場前
48%
名古屋本線 豊明
48%
名古屋本線 鳴海
48%
築港線 東名古屋港
48%
三河線 碧南中央
48%
名古屋本線 堀田
48%
広見線 御嵩
48%
各務原線 名電各務原
48%
名古屋本線 本笠寺
48%
尾西線 弥富
48%
河和線 青山
44%
豊川線 稲荷口
44%
犬山線 柏森
44%
小牧線 上飯田
44%
西尾線 北安城
44%
河和線 河和口
44%
小牧線 小牧口
44%
名古屋本線 新川橋
44%
常滑線 大同町
44%
西尾線 西尾口
44%
犬山線 西春
44%
広見線 日本ライン今渡
44%
河和線/知多新線 富貴
44%
犬山線 扶桑
44%
三河線 三河知立
44%
名古屋本線 名電長沢
44%
津島線 青塚
40%
犬山線 石仏
40%
名古屋本線 石刀
40%
瀬戸線 印場
40%
名古屋本線 牛田
40%
常滑線 榎戸
40%
名古屋本線 大里
40%
常滑線 大野町
40%
瀬戸線 大森・金城学院前
40%
名古屋本線 小田渕
40%
河和線 加木屋中ノ池
40%
広見線 可児川
40%
知多新線 上野間
40%
犬山線 木津用水
40%
西尾線 桜井
40%
各務原線 新那加
40%
常滑線 新日鉄前
40%
常滑線 新舞子
40%
瀬戸線 瀬戸市役所前
40%
竹鼻線 竹鼻
40%
名古屋本線 茶所
40%
常滑線 道徳
40%
犬山線 徳重・名古屋芸大
40%
常滑線 豊田本町
40%
竹鼻線 西笠松
40%
広見線 西可児
40%
蒲郡線 西幡豆
40%
豊田線 日進
40%
竹鼻線 羽島市役所前
40%
蒲郡線 東幡豆
40%
名古屋本線 二ツ杁
40%
名古屋本線 名電山中
40%
名古屋本線 本宿
40%
名古屋本線 本星崎
40%
瀬戸線 守山自衛隊前
40%
名古屋本線 矢作橋
40%
名古屋本線 呼続
40%
瀬戸線 旭前
36%
瀬戸線 尼ヶ坂
36%
各務原線 鵜沼宿
36%
名古屋本線 奥田
36%
三河線 刈谷市
36%
名古屋本線 黒田
36%
小牧線 小牧原
36%
常滑線 古見
36%
名古屋本線 御油
36%
尾西線 玉ノ井
36%
知多新線 知多奥田
36%
常滑線 名和
36%
名古屋本線 一ツ木
36%
名古屋本線 藤川
36%
犬山線 布袋
36%
各務原線 三柿野
36%
西尾線 南安城
36%
河和線 南加木屋
36%
知多新線 美浜緑苑
36%
小牧線 味岡
32%
名古屋本線 宇頭
32%
三河線 上挙母
32%
各務原線 苧ヶ瀬
32%
小牧線 春日井
32%
西尾線 上横須賀
32%
津島線 木田
32%
瀬戸線 喜多山
32%
各務原線 切通
32%
名古屋本線 左京山
32%
津島線 七宝
32%
常滑線 柴田
32%
名古屋本線 島氏永
32%
各務原線 市民公園前
32%
津島線 甚目寺
32%
各務原線 新加納
32%
三河線 新川町
32%
河和線 高横須賀
32%
知多新線 野間
32%
瀬戸線 東大手
32%
津島線 藤浪
32%
名古屋本線 富士松
32%
名古屋本線 美合
32%
豊田線 三好ヶ丘
32%
尾西線 森上
32%
西尾線 米津
32%
各務原線 六軒
32%
常滑線 蒲池
28%
豊田線 上豊田
28%
尾西線 上丸渕
28%
尾西線 苅安賀
28%
広見線 顔戸
28%
尾西線 五ノ三
28%
瀬戸線 清水
28%
津島線 勝幡
28%
豊川線 諏訪町
28%
犬山線 大山寺
28%
各務原線 田神
28%
常滑線 多屋
28%
常滑線 寺本
28%
常滑線 長浦
28%
尾西線 西一宮
28%
各務原線 二十軒
28%
常滑線 西ノ口
28%
各務原線 羽場
28%
尾西線 日比野
28%
竹鼻線 不破一色
28%
広見線 御嵩口
28%
西尾線 南桜井
28%
瀬戸線 矢田
28%
小牧線 牛山
24%
尾西線 奥町
24%
瀬戸線 小幡
24%
尾西線 開明
24%
蒲郡線 形原
24%
河和線 坂部
24%
西尾線 桜町前
24%
瀬戸線 三郷
24%
広見線 善師野
24%
小牧線 田県神社前
24%
各務原線 高田橋
24%
広見線 富岡前
24%
河和線 半田口
24%
瀬戸線 瓢箪山
24%
西尾線 碧海古井
24%
西尾線 堀内公園
24%
名古屋本線 丸ノ内
24%
尾西線 丸渕
24%
三河線 三河高浜
24%
瀬戸線 水野
24%
瀬戸線 森下
24%
尾西線 六輪
24%
三河線 若林
24%
河和線 植大
20%
三河線 小垣江
20%
小牧線 楽田
20%
尾西線 観音寺
20%
三河線 北新川
20%
豊田線 黒笹
20%
三河線 越戸
20%
豊田線 米野木
20%
三河線 重原
20%
豊田線 浄水
20%
河和線 白沢
20%
竹鼻線 須賀
20%
河和線 住吉町
20%
三河線 高浜港
20%
河和線 巽ヶ丘
20%
各務原線 手力
20%
蒲郡線 西浦
20%
常滑線 日長
20%
西尾線 福地
20%
各務原線 細畑
20%
小牧線 間内
20%
蒲郡線 三河鹿島
20%
蒲郡線 三河鳥羽
20%
三河線 三河八橋
20%
竹鼻線 柳津
20%
豊川線 八幡
20%
三河線 竹村
16%
尾西線 玉野
16%
三河線 土橋
16%
河和線 成岩
16%
小牧線 羽黒
16%
三河線 平戸橋
16%
尾西線 渕高
16%
尾西線 町方
16%
名古屋本線 妙興寺
16%
河和線 八幡新田
16%
三河線 吉浜
16%
尾西線 萩原
12%
尾西線 二子
12%
竹鼻線 南宿
12%
尾西線 山崎
4%
No matching quizzes found
Score Distribution
Percent of People with Each Score
Percentile by Number Answered
Your Score History
You have not taken this quiz